|
|
|
|
| LEADER |
00000cam a2200000 7i4500 |
| 001 |
0000051509 |
| 005 |
20230125.0 |
| 008 |
150825 |
| 020 |
|
|
|a 9789380152691
|
| 090 |
0 |
0 |
|a SC
|b ENG
|
| 100 |
1 |
|
|a Erb, Roger Dr. Prof.
|
| 245 |
1 |
0 |
|a Light And Colour
|c Erb, Roger Dr. Prof.
|
| 260 |
|
|
|a New Delhi :
|b Tesloff Sterling Publishers Pvt. Ltd. ,
|c 2009
|
| 300 |
|
|
|a 48pg. :
|b Col.ill
|
| 490 |
1 |
|
|a How And Why
|
| 650 |
|
0 |
|a English fiction
|
| 999 |
|
|
|a 0001266567
|b Book
|c Children Collection
|e Cawangan Bandar Penawar
|
| 999 |
|
|
|a 0001266570
|b Book
|c Children Collection
|e Cawangan Tangkak
|
| 999 |
|
|
|a 0001266572
|b Book
|c Children Collection
|e Cawangan Bukit Gambir
|
| 999 |
|
|
|a 0001280457
|b Book
|c Children Collection
|e Cawangan Batu Pahat
|
| 999 |
|
|
|a 0001280460
|b Book
|c Children Collection
|e Cawangan Tmn. Ungku Tun Aminah
|